Statistics for 2008 Champions League Final Manchester United - Chelsea

Click here to take the quiz!

General Stats

  • This quiz has been taken 705 times
  • The average score is 22 of 30

Answer Stats

Player% Correct
Cristiano Ronaldo ¹
98%
Wayne Rooney
96%
Didier Drogba
95%
Rio Ferdinand
95%
Edwin van der Sar
94%
John Terry
93%
Nemanja Vidić
93%
Frank Lampard ¹
92%
Petr Čech
91%
Paul Scholes
89%
Alex Ferguson
87%
Ashley Cole
85%
Joe Cole
84%
Patrice Evra
84%
Ryan Giggs
81%
Michael Carrick
79%
Carlos Tevez
73%
Nani
67%
Michael Essien
64%
Ricardo Carvalho
62%
Nicolas Anelka
59%
Florent Malouda
57%
Michael Ballack
56%
Wes Brown
55%
Claude Makélélé
53%
Anderson
45%
Owen Hargreaves
45%
Salomon Kalou
45%
Avram Grant
32%
Juliano Belletti
16%

Score Distribution

Percentile by Number Answered

Percent of People with Each Score

Your Score History

You have not taken this quiz